| 000 | 01287nam a22004090a 4500 | ||
|---|---|---|---|
| 001 | PT59510 | ||
| 003 | AR-LpoUNG | ||
| 005 | 20250226133958.0 | ||
| 008 | 191001s2017||||ag |||||||||||||||||spa d | ||
| 020 |
_a9789503415665 _c$12,50 |
||
| 040 |
_aAR-LpoUNG _bspa _cAR-LpoUNG _eaacr |
||
| 041 | 0 | _aspa | |
| 044 | _aag | ||
| 082 | 0 | _a982.065 142mem | |
| 100 | 1 | _aRaggio, Sandra | |
| 245 | 1 | 0 |
_aMemorias de la Noche de los Lápices : _btensiones, variaciones y conflictos en los modos de narrar el pasado reciente |
| 250 | _a1ra. ed. | ||
| 260 |
_aLa Plata : _aBuenos Aires : _bUniversidad Nacional de La Plata ; _bUniversidad Nacional de General Sarmiento, _c2017. |
||
| 300 |
_a215 p. : _bgráfs. |
||
| 650 | 4 | _aARGENTINA | |
| 650 | 4 | _aDERECHOS HUMANOS | |
| 650 | 4 | _aDICTADURA | |
| 650 | 4 | _aGOBIERNO MILITAR | |
| 650 | 4 | _aHISTORIA POLITICA | |
| 650 | 4 | _aINTERVENCION DEL ESTADO | |
| 650 | 4 | _aPARTICIPACION POLITICA | |
| 650 | 4 | _aTERRORISMO | |
| 653 | _aCENTROS CLANDESTINOS DE DETENCION | ||
| 653 | _aCONADEP | ||
| 653 | _aDESAPARECIDOS | ||
| 653 | _aMEMORIA COLECTIVA | ||
| 653 | _aTERRORISMO DE ESTADO | ||
| 700 | 1 |
_aValle, María _ecoor. |
|
| 856 | 4 | 0 |
_uhttp://repositorio.ungs.edu.ar/handle/UNGS/364 _yTexto completo |
| 905 | _a59510 | ||
| 942 |
_cLIB _2ddc |
||
| 999 |
_c12656 _d12656 |
||